000 00497nam a2200193Ia 4500
003 OSt
005 20240527101539.0
008 210210b1979 xxu||||| |||| 00| 0 eng d
040 _cAL
041 _aKannada
082 _aK894.3 SAYM
100 _aSAYISUTE.
_989260
_dಸಾಯಿಸುತೆ
245 _aMadhura gana:
_bಮಧುರ ಗಾನ
260 _aBengaluru
_bVasavamba Prakashana
_c1979
300 _a215
690 _aKannada Fiction
_989261
906 _a034221
942 _2ddc
_cBK
999 _c84783
_d84783